<?xml version="1.0" encoding="UTF-8"?>
<record
    xmlns:xsi="http://www.w3.org/2001/XMLSchema-instance"
    xsi:schemaLocation="http://www.loc.gov/MARC21/slim http://www.loc.gov/standards/marcxml/schema/MARC21slim.xsd"
    xmlns="http://www.loc.gov/MARC21/slim">

  <leader>00302nam a22001337a 4500</leader>
  <controlfield tag="005">20260313131412.0</controlfield>
  <controlfield tag="008">260313b        |||||||| |||| 00| 0 eng d</controlfield>
  <datafield tag="022" ind1=" " ind2=" ">
    <subfield code="a">2277-9116</subfield>
  </datafield>
  <datafield tag="245" ind1=" " ind2=" ">
    <subfield code="a">PRACTICAL LAWYER [JAN-2026]</subfield>
  </datafield>
  <datafield tag="260" ind1=" " ind2=" ">
    <subfield code="a">DELHI</subfield>
    <subfield code="b">E B C</subfield>
    <subfield code="c">2026</subfield>
  </datafield>
  <datafield tag="300" ind1=" " ind2=" ">
    <subfield code="a">106;P</subfield>
  </datafield>
  <datafield tag="650" ind1=" " ind2=" ">
    <subfield code="a">LAW</subfield>
  </datafield>
  <datafield tag="942" ind1=" " ind2=" ">
    <subfield code="c">JRL</subfield>
  </datafield>
  <datafield tag="999" ind1=" " ind2=" ">
    <subfield code="c">9101</subfield>
    <subfield code="d">9099</subfield>
  </datafield>
  <datafield tag="952" ind1=" " ind2=" ">
    <subfield code="0">0</subfield>
    <subfield code="1">0</subfield>
    <subfield code="4">0</subfield>
    <subfield code="7">0</subfield>
    <subfield code="8">JOURNALS</subfield>
    <subfield code="a">JRU</subfield>
    <subfield code="b">JRU</subfield>
    <subfield code="c">JRL</subfield>
    <subfield code="d">2026-01-12</subfield>
    <subfield code="e">SUBSCRIBE COPY</subfield>
    <subfield code="g">290.00</subfield>
    <subfield code="h">ISSUE [JAN-2026]</subfield>
    <subfield code="l">0</subfield>
    <subfield code="p">PL0001</subfield>
    <subfield code="r">2026-03-13 07:46:56</subfield>
    <subfield code="w">2026-03-13</subfield>
    <subfield code="y">JRL</subfield>
  </datafield>
  <datafield tag="952" ind1=" " ind2=" ">
    <subfield code="0">0</subfield>
    <subfield code="1">0</subfield>
    <subfield code="4">0</subfield>
    <subfield code="7">0</subfield>
    <subfield code="8">JOURNALS</subfield>
    <subfield code="a">JRU</subfield>
    <subfield code="b">JRU</subfield>
    <subfield code="c">JRL</subfield>
    <subfield code="d">2026-03-13</subfield>
    <subfield code="e">SUBSCRIBE COPY</subfield>
    <subfield code="g">290.00</subfield>
    <subfield code="h">ISSUE-313 [FEB-2026]</subfield>
    <subfield code="l">0</subfield>
    <subfield code="p">PL0002</subfield>
    <subfield code="r">2026-03-13 07:49:40</subfield>
    <subfield code="w">2026-03-13</subfield>
    <subfield code="y">JRL</subfield>
  </datafield>
  <datafield tag="952" ind1=" " ind2=" ">
    <subfield code="0">0</subfield>
    <subfield code="1">0</subfield>
    <subfield code="4">0</subfield>
    <subfield code="7">0</subfield>
    <subfield code="8">JOURNALS</subfield>
    <subfield code="a">JRU</subfield>
    <subfield code="b">JRU</subfield>
    <subfield code="c">JRL</subfield>
    <subfield code="d">2026-04-07</subfield>
    <subfield code="e">SUBSCRIBE COPY</subfield>
    <subfield code="g">290.00</subfield>
    <subfield code="h">ISSUE-314 [MAR-2026]</subfield>
    <subfield code="l">0</subfield>
    <subfield code="p">PL0003</subfield>
    <subfield code="r">2026-04-08 16:54:45</subfield>
    <subfield code="w">2026-04-08</subfield>
    <subfield code="y">JRL</subfield>
  </datafield>
  <datafield tag="952" ind1=" " ind2=" ">
    <subfield code="0">0</subfield>
    <subfield code="1">0</subfield>
    <subfield code="4">0</subfield>
    <subfield code="7">0</subfield>
    <subfield code="8">JOURNALS</subfield>
    <subfield code="a">JRU</subfield>
    <subfield code="b">JRU</subfield>
    <subfield code="c">JRL</subfield>
    <subfield code="d">2026-04-24</subfield>
    <subfield code="e">SUBSCRIPTION</subfield>
    <subfield code="g">290.00</subfield>
    <subfield code="h">ISSUE-315 [APR-2026]</subfield>
    <subfield code="l">0</subfield>
    <subfield code="p">PL0004</subfield>
    <subfield code="r">2026-04-24 10:38:08</subfield>
    <subfield code="w">2026-04-24</subfield>
    <subfield code="y">JRL</subfield>
  </datafield>
</record>
